000 00349pam a2200157a 44500
008 230515b2009 xxu||||| |||| 00| 0 eng d
020 _aNULL
041 _aENGLISH
082 _a617.5220/BAN
100 _aBANSAL
245 _aGENERAL SURGERY OUESTION & ANS
250 _a1ST
260 _a
_bC B S PUB
_c2009
300 _a178
650 _aNULL
999 _c560522
_d560522